000 00305nam a2200121Ia 4500
008 231129s1984||||xx |||||||||||||| ||spa||
082 _aER- 527
100 _aAlzate Fernández Guillermo
245 0 _aDesmembración de la mariposa verde
260 _c1984
264 _a[sin editorial]
942 _2ddc
_cBKS
999 _c9115
_d9115